000 00227nam a22001097a 4500
082 _aم ح م
100 _aمحمد مسعود احمد
245 _aقبلہ
260 _aکراچی
_c۱۹۹۵
300 _a۳۲
942 _cBK
999 _c11717
_d11717